000 00632nam a2200193 i 4500
001 149826
003 ES-MaACL
005 20240703145419.0
007 t|
008 071024s1924 sp f 00110bspa d
080 _a929 Varela, Félix
100 1 _aValverde, Antonio L.
_9113002
245 1 3 _aLa muerte del padre Varela
_b: documentos inéditos /
_ccoleccionados y comentados por Antonio L. Valverde.
260 _aLa Habana :
_b[s.n.],
_c1924 (
_fImp. El Siglo XX)
300 _a107 p., 17 h. de lám. ;
_c27 cm.
600 1 4 _aVarela, Félix,
_d1788-1853
_9174937
852 4 _aES-MaACL
_j1604-F-24
999 _c149826
_d149826